| 000 | 00520cam a2200193 4500 | ||
|---|---|---|---|
| 001 | 1275 | ||
| 003 | DLC | ||
| 005 | 20181127163021.0 | ||
| 008 | 851115s1986 nyu 000 1 eng | ||
| 010 | _a85045586 | ||
| 020 | _a0394549406 | ||
| 100 | 1 |
_aBuckley, Christopher, _d1952- |
|
| 245 | 1 | 4 |
_aThe White House mess / _cChristopher Buckley. |
| 260 |
_aNew York : _bKnopf, _c1986. |
||
| 300 |
_axxii, 224 p. ; _c23 cm. |
||
| 650 | 0 |
_aPoliticians _vFiction. |
|
| 651 | 0 |
_aWashington (D.C.) _vFiction. |
|
| 655 | 0 | _aPolitical fiction. | |
| 999 |
_c910 _d910 |
||